UBT Library

Where am I wearing? (Record no. 602)

000 -LEADER
fixed length control field 00630nam a22002057a 4500
005 - DATE AND TIME OF LATEST TRANSACTION
control field 20150330062825.0
008 - FIXED-LENGTH DATA ELEMENTS--GENERAL INFORMATION
fixed length control field 120125s2012 njua sb 000 0 eng d
020 ## - INTERNATIONAL STANDARD BOOK NUMBER
Cancelled/invalid ISBN 9781118277553
041 0# - LANGUAGE CODE
Language code of text/sound track or separate title eng
080 ## - UNIVERSAL DECIMAL CLASSIFICATION NUMBER
Universal Decimal Classification number 338.4
100 1# - Rafti
Rafti Timmerman, Kelsey,
245 10 - TITLE STATEMENT
Title Where am I wearing?
Statement of responsibility, etc Kelsey Timmerman.
250 ## -
-- Rev. and updated.
260 ## -
-- Hoboken, N.J. :
-- Wiley,
-- 2012.
300 ## -
-- 287 f. :
-- me il.;
-- 23 cm
650 #0 -
-- Punëtorët
650 #0 -
-- Veshja
655 #7 -
-- Electronic books.
942 ## - ADDED ENTRY ELEMENTS (KOHA)
Source of classification or shelving scheme
Item type Books
Holdings
Withdrawn status Lost status Source of classification or shelving scheme Damaged status Not for loan Collection code Permanent location Current location Shelving location Date acquired Total Checkouts Full call number Date last seen Koha item type
          Koleksioni i përgjithshem UBT - Lipjan UBT - Lipjan Koleksioni i përgjithshem 03/30/2015   338.4 TIM 03/30/2015 Books
UBT Library © 2015-2024. All rights reserved University Education for Business and Technology